Easy as MDC? (Record no. 84731)
[ view plain ]
| 000 -LEADER | |
|---|---|
| fixed length control field | 00917cab a22002175a 4500 |
| 001 - CONTROL NUMBER | |
| control field | L158914 |
| 008 - FIXED-LENGTH DATA ELEMENTS--GENERAL INFORMATION | |
| fixed length control field | 150930e20150919xxk 000 0 eng d |
| 035 ## - SYSTEM CONTROL NUMBER | |
| System control number | (Sirsi) u158914 |
| 041 0# - LANGUAGE CODE | |
| Language code of text/sound track or separate title | eng |
| 100 1# - MAIN ENTRY--PERSONAL NAME | |
| Personal name | Grekos, Martha |
| 245 00 - TITLE STATEMENT | |
| Title | Easy as MDC? |
| 260 ## - PUBLICATION, DISTRIBUTION, ETC. | |
| Date of publication, distribution, etc. | 2015 |
| 490 ## - SERIES STATEMENT | |
| Series statement | Estates Gazette |
| Volume/sequential designation | (1537) 19 September 2015, 110-112(3) |
| 520 ## - SUMMARY, ETC. | |
| Summary, etc. | Assess the prospects of the second Mayoral Development Corporation in London; the Old Oak and Park Royal Development Corporation (OPDC) and considers how similar models could help meet the UKs regeneration needs. The ODPC works by establishing a single body which possess the necessary planning powers to coordinate the regeneration, development and physical transformation across three London boroughs. |
| 590 ## - LOCAL NOTE (RLIN) | |
| Local note | KA |
| 651 #4 - SUBJECT ADDED ENTRY--GEOGRAPHIC NAME | |
| Geographic name | United Kingdom |
| 651 #4 - SUBJECT ADDED ENTRY--GEOGRAPHIC NAME | |
| Geographic name | London |
| 690 ## - LOCAL SUBJECT ADDED ENTRY--TOPICAL TERM (OCLC, RLIN) | |
| Topical term or geographic name as entry element | Planning and development |
| 9 (RLIN) | 6259 |
| 700 1# - ADDED ENTRY--PERSONAL NAME | |
| Personal name | Mulhern, M. |
| 942 ## - ADDED ENTRY ELEMENTS (KOHA) | |
| Suppress in OPAC | 0 |
| Withdrawn status | Lost status | Source of classification or shelving scheme | Damaged status | Not for loan | Home library | Current library | Shelving location | Date acquired | Total Checkouts | Barcode | Date last seen | Copy number | Price effective from | Koha item type |
|---|---|---|---|---|---|---|---|---|---|---|---|---|---|---|
| Dewey Decimal Classification | London | London | Journal article | 30/09/2015 | 158914-1001 | 06/08/2019 | 1 | 06/08/2019 | Journal article |